Central Library OPAC University of Rajshahi

Socioeconomic development and human welfare : (Record no. 34284)

MARC details
000 -LEADER
fixed length control field 00870cam a2200277 a 4500
001 - CONTROL NUMBER
control field 34284
003 - CONTROL NUMBER IDENTIFIER
rucl marc code BD-RjUL
005 - DATE AND TIME OF LATEST TRANSACTION
control field 20211209052132.0
008 - FIXED-LENGTH DATA ELEMENTS--GENERAL INFORMATION
fixed length control field 140516s2000 bg 001 0 eng
035 ## - SYSTEM CONTROL NUMBER
System control number (BD-RjUL)34378
040 ## - CATALOGING SOURCE
Original cataloging agency DLC
Transcribing agency DLC
Modifying agency BD-RjUL
Language of cataloging eng
041 ## - LANGUAGE CODE
Language code of text/sound track or separate title eng
082 00 - DEWEY DECIMAL CLASSIFICATION NUMBER
Classification number 301.35
Edition number 21
Author mark and year MAS 2000
100 1# - MAIN ENTRY--PERSONAL NAME
Personal name Mandal, Mohammad Solaiman.
9 (RLIN) 104228
245 10 - TITLE STATEMENT
Title Socioeconomic development and human welfare :
Remainder of title an interdisciplinary approach /
Statement of responsibility, etc. by Mohammad Solaiman Mandal.
260 ## - PUBLICATION, DISTRIBUTION, ETC. (IMPRINT)
Place of publication, distribution, etc. Rajshahi :
Name of publisher, distributor, etc. Mohammad Solaiman Mandal],
Date of publication, distribution, etc. 2000.
300 ## - PHYSICAL DESCRIPTION
Pagination iv, 623 p ;
Size 23 cm.
500 ## - GENERAL NOTE
General note "Development and human welfare."
General note Includes index.
650 #0 - SUBJECT ADDED ENTRY--TOPICAL TERM
Topical term or geographic name as entry element Economic development.
9 (RLIN) 104229
Topical term or geographic name as entry element Social change.
9 (RLIN) 104230
Topical term or geographic name as entry element Humanitarianism.
9 (RLIN) 104231
942 ## - ADDED ENTRY ELEMENTS (KOHA)
Source of classification or shelving scheme Dewey Decimal Classification
Koha item type Books
Holdings
Lost status Source of classification or shelving scheme Damaged status Not for loan Collection code Permanent Location Current Location Shelving location Date acquired Source of acquisition Cost, normal purchase price Total Checkouts Full call number Date last seen Copy number Koha item type
  Dewey Decimal Classification     Non-fiction Central Library, University of Rajshahi Central Library, University of Rajshahi   31/01/2001 M S MANDAL DEP.. 400.00   338.9 MAS 2000 15/05/2014 C-9 Books
  Dewey Decimal Classification     Non-fiction Central Library, University of Rajshahi Central Library, University of Rajshahi   31/01/2001 M S MANDAL DEP.. 400.00   338.9 MAS 2000 15/05/2014 C-8 Books
  Dewey Decimal Classification     Non-fiction Central Library, University of Rajshahi Central Library, University of Rajshahi   25/03/2001 M S MANDAL DEP.. 400.00   338.9 MAS 2000 15/05/2014 C-5 Books
  Dewey Decimal Classification     Non-fiction Central Library, University of Rajshahi Central Library, University of Rajshahi   31/01/2001 M S MANDAL DEP.. 400.00   338.9 MAS 2000 15/05/2014 C-4 Books
  Dewey Decimal Classification     Non-fiction Central Library, University of Rajshahi Central Library, University of Rajshahi   26/03/2001 M S MANDAL DEP.. 400.00   338.9 MAS 2000 15/05/2014 C-10 Books
  Dewey Decimal Classification     Non-fiction Central Library, University of Rajshahi Central Library, University of Rajshahi   31/01/2001 M S MANDAL DEP.. 400.00   338.9 MAS 2000 15/05/2014 C-6 Books
  Dewey Decimal Classification     Non-fiction Central Library, University of Rajshahi Central Library, University of Rajshahi   31/01/2001 Prof. M. S. Mandal, Dept. of Economics, R. U. 400.00   338.9 MAS 2000 19/05/2014 C-7 Books
  Dewey Decimal Classification     Non-fiction Central Library, University of Rajshahi Central Library, University of Rajshahi   31/01/2001 Prof. M. S. Mandal, Dept. of Economics, R. U. 400.00   301.35 MAS 2000 03/08/2016 C-2 Books